<?xml version="1.0" encoding="UTF-8"?>
<record
    xmlns:xsi="http://www.w3.org/2001/XMLSchema-instance"
    xsi:schemaLocation="http://www.loc.gov/MARC21/slim http://www.loc.gov/standards/marcxml/schema/MARC21slim.xsd"
    xmlns="http://www.loc.gov/MARC21/slim">

  <leader>02947nam a22003975a 4500</leader>
  <controlfield tag="005">20091217141732.0</controlfield>
  <controlfield tag="008">091120t20092006paua   j      001 0 eng  </controlfield>
  <datafield tag="010" ind1=" " ind2=" ">
    <subfield code="a">B-385502-513</subfield>
  </datafield>
  <datafield tag="020" ind1=" " ind2=" ">
    <subfield code="a">9780440420606</subfield>
    <subfield code="c">163.00</subfield>
  </datafield>
  <datafield tag="035" ind1=" " ind2=" ">
    <subfield code="a">B-385502-513</subfield>
  </datafield>
  <datafield tag="037" ind1=" " ind2=" ">
    <subfield code="b">Blueberry Books </subfield>
  </datafield>
  <datafield tag="040" ind1=" " ind2=" ">
    <subfield code="a">dpl</subfield>
    <subfield code="b">English </subfield>
  </datafield>
  <datafield tag="082" ind1=" " ind2=" ">
    <subfield code="a">S</subfield>
  </datafield>
  <datafield tag="100" ind1=" " ind2=" ">
    <subfield code="a">Sharmat, Marjorie Weinman</subfield>
  </datafield>
  <datafield tag="245" ind1=" " ind2=" ">
    <subfield code="a">Olivia Sharp:</subfield>
    <subfield code="c">by Marjorie Weinman Sharmat [and] Mitchell Sharmat ; illustrated by Denise Brunkus </subfield>
    <subfield code="b">the princess of the fillmore street school /</subfield>
  </datafield>
  <datafield tag="260" ind1=" " ind2=" ">
    <subfield code="a">New York </subfield>
    <subfield code="b">Yearling Books </subfield>
    <subfield code="c">2005</subfield>
  </datafield>
  <datafield tag="270" ind1=" " ind2=" ">
    <subfield code="b">New York </subfield>
  </datafield>
  <datafield tag="300" ind1=" " ind2=" ">
    <subfield code="a">73 p. :</subfield>
    <subfield code="b">col. ill. </subfield>
    <subfield code="c">20cm(pbk) </subfield>
  </datafield>
  <datafield tag="700" ind1=" " ind2=" ">
    <subfield code="a">Sharmat, Mitchell </subfield>
  </datafield>
  <datafield tag="700" ind1=" " ind2=" ">
    <subfield code="a">Brunkus, Denise </subfield>
  </datafield>
  <datafield tag="710" ind1=" " ind2=" ">
    <subfield code="a">Mason Crest Publishers.</subfield>
  </datafield>
  <datafield tag="942" ind1=" " ind2=" ">
    <subfield code="2">ddc</subfield>
    <subfield code="c">CH</subfield>
    <subfield code="h">S</subfield>
    <subfield code="m">SHA</subfield>
  </datafield>
  <datafield tag="999" ind1=" " ind2=" ">
    <subfield code="c">33121</subfield>
    <subfield code="d">33121</subfield>
  </datafield>
  <datafield tag="952" ind1=" " ind2=" ">
    <subfield code="0">0</subfield>
    <subfield code="1">0</subfield>
    <subfield code="2">ddc</subfield>
    <subfield code="4">0</subfield>
    <subfield code="7">0</subfield>
    <subfield code="8">FIC</subfield>
    <subfield code="a">M</subfield>
    <subfield code="b">M</subfield>
    <subfield code="d">2010-07-12</subfield>
    <subfield code="e">Blueberry Books/5571/27.3.10/157/27.1.10/27.3.10</subfield>
    <subfield code="g">163.00</subfield>
    <subfield code="l">0</subfield>
    <subfield code="o">S SHA</subfield>
    <subfield code="p">B-385502</subfield>
    <subfield code="r">2010-07-12 00:00:00</subfield>
    <subfield code="t">4</subfield>
    <subfield code="v">163.00</subfield>
    <subfield code="w">2010-07-12</subfield>
    <subfield code="y">CH</subfield>
  </datafield>
  <datafield tag="952" ind1=" " ind2=" ">
    <subfield code="0">0</subfield>
    <subfield code="1">0</subfield>
    <subfield code="2">ddc</subfield>
    <subfield code="4">0</subfield>
    <subfield code="7">0</subfield>
    <subfield code="8">FIC</subfield>
    <subfield code="a">M</subfield>
    <subfield code="b">M</subfield>
    <subfield code="d">2010-07-12</subfield>
    <subfield code="e">Blueberry Books/5571/27.3.10/157/27.1.10/27.3.10</subfield>
    <subfield code="g">163.00</subfield>
    <subfield code="l">0</subfield>
    <subfield code="o">S SHA</subfield>
    <subfield code="p">B-385503</subfield>
    <subfield code="r">2010-07-12 00:00:00</subfield>
    <subfield code="t">4</subfield>
    <subfield code="v">163.00</subfield>
    <subfield code="w">2010-07-12</subfield>
    <subfield code="y">CH</subfield>
  </datafield>
  <datafield tag="952" ind1=" " ind2=" ">
    <subfield code="0">0</subfield>
    <subfield code="1">0</subfield>
    <subfield code="2">ddc</subfield>
    <subfield code="4">0</subfield>
    <subfield code="7">0</subfield>
    <subfield code="8">FIC</subfield>
    <subfield code="a">M</subfield>
    <subfield code="b">M</subfield>
    <subfield code="d">2010-07-12</subfield>
    <subfield code="e">Blueberry Books/5571/27.3.10/157/27.1.10/27.3.10</subfield>
    <subfield code="g">163.00</subfield>
    <subfield code="l">0</subfield>
    <subfield code="o">S SHA</subfield>
    <subfield code="p">B-385504</subfield>
    <subfield code="r">2010-07-12 00:00:00</subfield>
    <subfield code="t">4</subfield>
    <subfield code="v">163.00</subfield>
    <subfield code="w">2010-07-12</subfield>
    <subfield code="y">CH</subfield>
  </datafield>
  <datafield tag="952" ind1=" " ind2=" ">
    <subfield code="0">0</subfield>
    <subfield code="1">0</subfield>
    <subfield code="2">ddc</subfield>
    <subfield code="4">0</subfield>
    <subfield code="7">0</subfield>
    <subfield code="8">FIC</subfield>
    <subfield code="a">M</subfield>
    <subfield code="b">M</subfield>
    <subfield code="d">2010-07-12</subfield>
    <subfield code="e">Blueberry Books/5571/27.3.10/157/27.1.10/27.3.10</subfield>
    <subfield code="g">163.00</subfield>
    <subfield code="l">0</subfield>
    <subfield code="o">S SHA</subfield>
    <subfield code="p">B-385505</subfield>
    <subfield code="r">2010-07-12 00:00:00</subfield>
    <subfield code="t">4</subfield>
    <subfield code="v">163.00</subfield>
    <subfield code="w">2010-07-12</subfield>
    <subfield code="y">CH</subfield>
  </datafield>
  <datafield tag="952" ind1=" " ind2=" ">
    <subfield code="0">0</subfield>
    <subfield code="1">0</subfield>
    <subfield code="2">ddc</subfield>
    <subfield code="4">0</subfield>
    <subfield code="7">0</subfield>
    <subfield code="8">FIC</subfield>
    <subfield code="a">L</subfield>
    <subfield code="b">L</subfield>
    <subfield code="d">2010-07-12</subfield>
    <subfield code="e">Blueberry Books/5571/27.3.10/157/27.1.10/27.3.10</subfield>
    <subfield code="g">163.00</subfield>
    <subfield code="l">0</subfield>
    <subfield code="o">S SHA</subfield>
    <subfield code="p">B-385506</subfield>
    <subfield code="r">2010-07-12 00:00:00</subfield>
    <subfield code="t">1</subfield>
    <subfield code="v">163.00</subfield>
    <subfield code="w">2010-07-12</subfield>
    <subfield code="y">CH</subfield>
  </datafield>
  <datafield tag="952" ind1=" " ind2=" ">
    <subfield code="0">0</subfield>
    <subfield code="1">0</subfield>
    <subfield code="2">ddc</subfield>
    <subfield code="4">0</subfield>
    <subfield code="7">0</subfield>
    <subfield code="8">FIC</subfield>
    <subfield code="a">BL1</subfield>
    <subfield code="b">BL1</subfield>
    <subfield code="d">2010-07-12</subfield>
    <subfield code="e">Blueberry Books/5571/27.3.10/157/27.1.10/27.3.10</subfield>
    <subfield code="g">163.00</subfield>
    <subfield code="l">0</subfield>
    <subfield code="o">S SHA</subfield>
    <subfield code="p">B-385507</subfield>
    <subfield code="r">2010-07-12 00:00:00</subfield>
    <subfield code="t">1</subfield>
    <subfield code="v">163.00</subfield>
    <subfield code="w">2010-07-12</subfield>
    <subfield code="y">CH</subfield>
  </datafield>
  <datafield tag="952" ind1=" " ind2=" ">
    <subfield code="0">0</subfield>
    <subfield code="1">0</subfield>
    <subfield code="2">ddc</subfield>
    <subfield code="4">0</subfield>
    <subfield code="7">0</subfield>
    <subfield code="8">FIC</subfield>
    <subfield code="a">JP</subfield>
    <subfield code="b">JP</subfield>
    <subfield code="d">2010-07-12</subfield>
    <subfield code="e">Blueberry Books/5571/27.3.10/157/27.1.10/27.3.10</subfield>
    <subfield code="g">163.00</subfield>
    <subfield code="l">7</subfield>
    <subfield code="o">S SHA</subfield>
    <subfield code="p">B-385508</subfield>
    <subfield code="r">2014-06-02 00:00:00</subfield>
    <subfield code="s">2014-05-23</subfield>
    <subfield code="t">1</subfield>
    <subfield code="v">163.00</subfield>
    <subfield code="w">2010-07-12</subfield>
    <subfield code="y">CH</subfield>
  </datafield>
  <datafield tag="952" ind1=" " ind2=" ">
    <subfield code="0">0</subfield>
    <subfield code="1">0</subfield>
    <subfield code="2">ddc</subfield>
    <subfield code="4">0</subfield>
    <subfield code="7">0</subfield>
    <subfield code="8">FIC</subfield>
    <subfield code="a">ZLS</subfield>
    <subfield code="b">ZLS</subfield>
    <subfield code="d">2010-07-12</subfield>
    <subfield code="e">Blueberry Books/5571/27.3.10/157/27.1.10/27.3.10</subfield>
    <subfield code="g">163.00</subfield>
    <subfield code="l">2</subfield>
    <subfield code="o">S SHA</subfield>
    <subfield code="p">B-385509</subfield>
    <subfield code="r">2026-05-30 11:10:11</subfield>
    <subfield code="s">2026-05-16</subfield>
    <subfield code="t">1</subfield>
    <subfield code="v">163.00</subfield>
    <subfield code="w">2010-07-12</subfield>
    <subfield code="y">CH</subfield>
  </datafield>
  <datafield tag="952" ind1=" " ind2=" ">
    <subfield code="0">0</subfield>
    <subfield code="1">0</subfield>
    <subfield code="2">ddc</subfield>
    <subfield code="4">0</subfield>
    <subfield code="7">0</subfield>
    <subfield code="8">FIC</subfield>
    <subfield code="a">VP</subfield>
    <subfield code="b">VP</subfield>
    <subfield code="d">2010-07-12</subfield>
    <subfield code="e">Blueberry Books/5571/27.3.10/157/27.1.10/27.3.10</subfield>
    <subfield code="g">163.00</subfield>
    <subfield code="l">2</subfield>
    <subfield code="o">S SHA</subfield>
    <subfield code="p">B-385510</subfield>
    <subfield code="r">2013-05-31 00:00:00</subfield>
    <subfield code="s">2013-05-17</subfield>
    <subfield code="t">1</subfield>
    <subfield code="v">163.00</subfield>
    <subfield code="w">2010-07-12</subfield>
    <subfield code="y">CH</subfield>
  </datafield>
  <datafield tag="952" ind1=" " ind2=" ">
    <subfield code="0">0</subfield>
    <subfield code="1">0</subfield>
    <subfield code="2">ddc</subfield>
    <subfield code="4">0</subfield>
    <subfield code="7">0</subfield>
    <subfield code="8">FIC</subfield>
    <subfield code="a">BL3</subfield>
    <subfield code="b">BL3</subfield>
    <subfield code="d">2010-07-12</subfield>
    <subfield code="e">Blueberry Books/5571/27.3.10/157/27.1.10/27.3.10</subfield>
    <subfield code="g">163.00</subfield>
    <subfield code="l">0</subfield>
    <subfield code="o">S SHA</subfield>
    <subfield code="p">B-385511</subfield>
    <subfield code="r">2010-07-12 00:00:00</subfield>
    <subfield code="t">1</subfield>
    <subfield code="v">163.00</subfield>
    <subfield code="w">2010-07-12</subfield>
    <subfield code="y">CH</subfield>
  </datafield>
  <datafield tag="952" ind1=" " ind2=" ">
    <subfield code="0">0</subfield>
    <subfield code="1">0</subfield>
    <subfield code="2">ddc</subfield>
    <subfield code="4">0</subfield>
    <subfield code="7">0</subfield>
    <subfield code="8">FIC</subfield>
    <subfield code="a">NR</subfield>
    <subfield code="b">NR</subfield>
    <subfield code="d">2010-07-12</subfield>
    <subfield code="e">Blueberry Books/5571/27.3.10/157/27.1.10/27.3.10</subfield>
    <subfield code="g">163.00</subfield>
    <subfield code="l">0</subfield>
    <subfield code="o">S SHA</subfield>
    <subfield code="p">B-385512</subfield>
    <subfield code="r">2010-07-12 00:00:00</subfield>
    <subfield code="t">1</subfield>
    <subfield code="v">163.00</subfield>
    <subfield code="w">2010-07-12</subfield>
    <subfield code="y">CH</subfield>
  </datafield>
  <datafield tag="952" ind1=" " ind2=" ">
    <subfield code="0">0</subfield>
    <subfield code="1">0</subfield>
    <subfield code="2">ddc</subfield>
    <subfield code="4">0</subfield>
    <subfield code="7">0</subfield>
    <subfield code="8">FIC</subfield>
    <subfield code="a">BL4</subfield>
    <subfield code="b">BL4</subfield>
    <subfield code="d">2010-07-12</subfield>
    <subfield code="e">Blueberry Books/5571/27.3.10/157/27.1.10/27.3.10</subfield>
    <subfield code="g">163.00</subfield>
    <subfield code="l">6</subfield>
    <subfield code="m">2</subfield>
    <subfield code="o">S SHA</subfield>
    <subfield code="p">B-385513</subfield>
    <subfield code="r">2024-09-02 00:00:00</subfield>
    <subfield code="s">2024-06-27</subfield>
    <subfield code="t">1</subfield>
    <subfield code="v">163.00</subfield>
    <subfield code="w">2010-07-12</subfield>
    <subfield code="y">CH</subfield>
  </datafield>
</record>
